00363nam a2200157Ia 4500008004100000041000800041082001600049100001200065245003700077260002700114300000900141440000600150500002500156650001200181700001200193230125s9999 xx 000 0 und d aeng a808.35bDAS aDas C C aFrequently Un Answered Questions c2012bVoice Pub.aPune a118p v1 aGeneral;nationalism; aGeneral aDas C C